000 00230nam a22000857a 4500
008 160808b xxu||||| |||| 00| 0 eng d
100 _967
_aHindi Author...
245 _aHindi Story Book..
260 _aNew Delhi
_bRastogi Publication
_c2006
999 _c2719
_d2719